000
00316nam a22001337a 4500
008
180223b xxu||||| |||| 00| 0 eng d
020
_a
000810
041
_a
eng
080
_a
612.39
100
_a
10
101
_a
NUT
245
_a
Fat up slim down walk yourself slim
_c
Stanten,M
942
_2
udc
_c
BK
999
_c
43282
_d
43282